Library Banner

Applied calculus (Record no. 1493)

MARC details
000 -LEADER
fixed length control field 00494nam a2200193Ia 4500
001 - CONTROL NUMBER
control field 1184
008 - FIXED-LENGTH DATA ELEMENTS--GENERAL INFORMATION
fixed length control field 140313s9999 xx 000 0 und d
020 ## - INTERNATIONAL STANDARD BOOK NUMBER
International Standard Book Number 534043860
040 ## - CATALOGING SOURCE
Transcribing agency PK-LaUMT
082 ## - DEWEY DECIMAL CLASSIFICATION NUMBER
Classification number 515
Item number TAY-A
100 ## - MAIN ENTRY--PERSONAL NAME
Personal name Claudia Taylor
245 ## - TITLE STATEMENT
Title Applied calculus
Statement of responsibility, etc Claudia Taylor<>Lawrence Gilligan
260 ## - PUBLICATION, DISTRIBUTION, ETC. (IMPRINT)
Place of publication, distribution, etc California, USA:
Name of publisher, distributor, etc Brooks/Cole Publishing Company,
Date of publication, distribution, etc 1985.
300 ## - PHYSICAL DESCRIPTION
Extent 466 p.
546 ## - LANGUAGE NOTE
Language note EN
650 ## - SUBJECT ADDED ENTRY--TOPICAL TERM
Topical term or geographic name as entry element Calculus
700 ## - ADDED ENTRY--PERSONAL NAME
Personal name Lawrence Gilligan
942 ## - ADDED ENTRY ELEMENTS (KOHA)
Koha item type Books
Holdings
Withdrawn status Lost status Source of classification or shelving scheme Damaged status Not for loan Home library Current library Date acquired Total Checkouts Full call number Barcode Checked out Date last seen Date checked out Price effective from Koha item type
    Dewey Decimal Classification     UMT Main Campus UMT Main Campus 2014-03-13 1 515 TAY-A 1163 2020-03-24 2019-11-25 2019-11-25 2014-03-13 Books
    Dewey Decimal Classification     UMT Main Campus UMT Main Campus 2014-05-23   515 TAY-A 19389   2014-05-23   2014-05-23 Books
    Dewey Decimal Classification     UMT Main Campus UMT Main Campus 2014-05-23   515 TAY-A 19390   2014-05-23   2014-05-23 Books
    Dewey Decimal Classification     UMT Main Campus UMT Main Campus 2014-05-23   515 TAY-A 19391   2014-05-23   2014-05-23 Books